000 00274nam a2200121Ia 4500
005 20251222155135.0
008 251222s9999||||xx |||||||||||||| ||spa||
082 _aETI.150
245 0 _aLos valores y principios
250 _aPerĂº. ed.
264 _bNo tiene
942 _cLIB
999 _c38951
_d38951